000 00528nam a22002057a 4500
001 21553
005 20260314095440.0
008 260314b |||||||| |||| 00| 0 spa d
041 _aESP
082 _a153.9
_bA62B
100 _aAntunes, Celso A.
245 _aEstimular las inteligencias múltiples :
_bqué son, cómo se manifiestan, cómo funcionan
260 _a :
_b ,
_c2002
300 _a116 páginas :
_b ;
_c21 cm.
440 _a ;
650 _aGEN
654 _aCPS
700 _a;
942 _cLIB
_dJUS
_fJUS
_2ddc
999 _c21553
_d21553